00928nam a2200241 a 450000100100000000500170001000800410002702000150006804000250008308200140010810000290012224500940015126000230024530000210026849000310028950000380032070000300035883000370038804900090042595201120043495201230054699900170066900002304820200930021944.0101125s1977 sp r 000 | spa d a8432503681 aDO-SdBNPbspacBNPHU axxxbD8611 aDufour, Jean-Marc94742813aEl Portugal del 25 de abril /cJean-Marc Dufour; traducción del francés Miguel Costa. aMadrid :bDONCEL,. a326 p. ;c18 cm. aEl Libro de Bolsillo;v115 aIncluye liota de obras publicadas1 aCosta, Migueletr.947429 3aEl Libro de Bolsillo;v11594072 aBNGR 001050718MOaGRbGRcCTd2010-11-25iLF1l0oxxx D861p23048-10r2020-06-25w2020-06-25y1ZNo se presta 001054728MOaGRbGRcCTd2010-12-21iLF1l0oxxx D861p23048-20r2020-06-25te.2w2020-06-25y4ZPréstamo en sala c22545d22545